000
00252nam a2200097Ia 4500
005
20251222154419.0
008
251222s9999||||xx |||||||||||||| ||spa||
082
_a
069.485/M95
245
0
_a
Museo de sitio de Huaricolca: Inventario del museo
942
_c
LIB
999
_c
35960
_d
35960